ბათუმის შოთა რუსთაველის სახელმწიფო უნივერსიტეტის ბიბლიოთეკა

A Ruthless need (ბიბ.ჩანაწერი № 45247)

000 -LEADER
fixed length control field 00286nam a2200133Ia 4500
001 - CONTROL NUMBER
control field 12070
003 - CONTROL NUMBER IDENTIFIER
control field GE_BSU
008 - FIXED-LENGTH DATA ELEMENTS--GENERAL INFORMATION
fixed length control field 181216s||||||||xx |||||||||||||| ||und||
040 ## - CATALOGING SOURCE
Transcribing agency GE_BSU
100 ## - MAIN ENTRY--PERSONAL NAME
Personal name Cookson,Catherine.
245 #2 - TITLE STATEMENT
Title A Ruthless need
653 ## - INDEX TERM--UNCONTROLLED
Uncontrolled term A Ruthless need
942 ## - ADDED ENTRY ELEMENTS (KOHA)
Koha item type წიგნი

არაა ხელმისაწვდომი ეგზემპლარები.